000 00701nam a2200265Ia 4500
003 OSt
005 20220918163530.0
006 a|||||r|||| 00| 0
007 ta
008 220917b |||||||| |||| 00| 0 eng d
020 _a0070600902 (pbk)
024 _a240,573
037 _cTextual
040 _aARTS
_cARTS
_beng
041 _2eng
_aeng
082 _aX:51, P6
100 _aEtzel Micheal ...[et al]
_913539
245 0 _aMarketing
250 _a13th
260 _aNew Delhi
_bTata McGraw - Hill Publishing Company Limited
_c2006
300 _axxvii, 735p.
_ccm.
650 _aECONOMICS
942 _hX:51, P6
_cTEXL
_2CC
999 _c119927
_d119927